000 00424nam a2200181Ia 4500
001 24976
005 20260414151119.0
008 260414t1997||||xx |||||||||||||| ||spa||
041 _aESP
082 _a346.02
_bB81
100 _aBravo Melgar, Sidney Alex
_eAUT
245 0 _aContratos modernos empresariales
_b
260 _c1997
300 _a
_c20 cm.
650 _aDER
654 _aCDE
942 _cLIB
_dJUS
_fJUS
_2ddc
_n
999 _c24976
_d24976